000 00557cam a2200157 4500500
005 20260405003959.0
041 _afre
042 _adc
100 1 0 _aNicolas, Ariane
_eauthor
245 0 0 _a“Faire le bien, en mieux !”, de William MacAskill : l’altruisme peut-il être efficace ?
260 _c2025.
500 _a61
690 _aAltruisme
786 0 _nPhilosophie magazine | 195 | 13 | 2025-12-01 | p. 151-151 | 1951-1787
856 4 1 _uhttps://shs.cairn.info/magazine-philosophie-magazine-2025-13-page-151?lang=fr&redirect-ssocas=7080
999 _c2072629
_d2072629